Don Paulino Alfonso: 1862, 1923. Homenaje a su memoria
Guardat en:
| Autor principal: | |
|---|---|
| Format: | Llibre |
| Idioma: | espanyol |
| Publicat: |
Santiago
Talleres Gráficos San Rafael
1928
|
| Edició: | 1a. ed |
| Matèries: | |
| Etiquetes: |
Afegir etiqueta
Sense etiquetes, Sigues el primer a etiquetar aquest registre!
|
MARC
| LEADER | 00000nam a2200000 a 4500 | ||
|---|---|---|---|
| 001 | UCJ4175 | ||
| 003 | CL-VaPUC | ||
| 005 | 20231026161811.0 | ||
| 008 | 070124e19280000CL |||||||||||||||||spa|d | ||
| 999 | |c 320292 |d 320290 | ||
| 040 | |c Pontificia Universidad Católica de Valparaíso | ||
| 082 | 0 | 4 | |a 928 |b ALF |2 21 |
| 100 | |a Alfonso, José A |e author |9 507297 | ||
| 245 | 1 | 0 | |a Don Paulino Alfonso: 1862, 1923. Homenaje a su memoria |
| 250 | |a 1a. ed | ||
| 260 | |a Santiago |b Talleres Gráficos San Rafael |c 1928 | ||
| 300 | |a 242 p | ||
| 500 | |a Fotografías de Paulino Alfonso en diversas etapas de su vida | ||
| 583 | |a last modification |c 20190726 03:55:07 |k Rodrigo Vera | ||
| 600 | 0 | 7 | |a SILVA VILDOSOLA, CARLOS |2 CL-VaPUC |9 504945 |
| 600 | 0 | |a Huneeus Gana, Jorge |d 1866-1926 |9 505998 | |
| 600 | 0 | 7 | |a REYES VALLEDOR, CHELA |2 CL-VaPUC |9 507298 |
| 600 | 0 | |a Echeverría Bello de Larraín, Inés |d 1868-1949 |q Iris |9 858181 | |
| 600 | 0 | 7 | |a VICUÑA CIFUENTES, JULIO |2 CL-VaPUC |9 390304 |
| 600 | 0 | 7 | |a GUERRA CIVIL DE 1891 |2 CL-VaPUC |9 507299 |
| 600 | 0 | |a Amunátegui Reyes, Miguel Luis |9 342446 | |
| 600 | 0 | 7 | |a ROXANE |2 CL-VaPUC |9 507080 |
| 600 | 0 | 7 | |a SANTA CRUZ OSSA, ELVIRA |2 CL-VaPUC |9 507079 |
| 600 | 0 | 7 | |a LABARCA, AMANDA |2 CL-VaPUC |9 507279 |
| 600 | 0 | 7 | |a ALDUNATE PHILLIPS, ARTURO |2 CL-VaPUC |9 507300 |
| 650 | 7 | |a BIOGRAFIA |2 CL-VaPUC |9 504622 | |
| 650 | 7 | |a NECROLOGIA |2 CL-VaPUC |9 504408 | |
| 650 | 0 | |a Homenajes |9 258192 | |
| 650 | 0 | |a Crítica literaria |9 269189 | |
| 650 | 0 | |a Poesía |9 265825 | |
| 650 | 7 | |a BIBLIOGRAFIA |2 CL-VaPUC |9 256175 | |
| 650 | 0 | |a Iconografía |9 267998 | |
| 650 | 7 | |a CORONA FUNEBRE |2 CL-VaPUC |9 504468 | |
| 650 | 0 | |a Historia urbana |9 265140 | |
| 650 | 0 | |a Historia local |9 266584 | |
| 650 | 0 | |a Urbanismo |9 255208 | |
| 650 | 0 | |a Obras públicas |9 261125 | |
| 650 | 7 | |a CALLES Y PASEOS |2 CL-VaPUC |9 329702 | |
| 651 | 7 | |a PARQUE FORESTAL |2 CL-VaPUC |9 507301 | |
| 651 | 0 | |a Santiago |9 265444 | |
| 852 | |a BIBCUR | ||
| 942 | |c BK |2 ddc | ||
| 945 | |d 20070124 00:00:00 |a rinostro | ||
| 952 | |0 0 |1 0 |4 0 |6 928_000000000000000_ALF_1928 |7 0 |8 X |9 398783 |a FDOBUD |b FDOBUD |d 2019-11-22 |i 1014897 |o 928 ALF 1928 |p 1014897 |r 2019-11-22 |w 2019-11-22 |y BK_X |k BUD | ||